| 000 | 03551pim a2200529 i 4500 | ||
|---|---|---|---|
| 001 | rbcdND0373 | ||
| 003 | MdPfRBL | ||
| 005 | 20200320211909.0 | ||
| 007 | sd fungnnmmned | ||
| 008 | 121004s2018 mdunnnn z n eng d | ||
| 020 | _a9781501989919 | ||
| 028 | 0 | 1 |
_aND0373 _bRecorded Books |
| 040 |
_aMdPfRBL _beng _erda _cMdPfRBL |
||
| 043 | _aa-cc--- | ||
| 050 | 4 |
_aHJ8811 _b.M36 2018 |
|
| 082 | 0 | 4 |
_a336.3/40951 _223 |
| 100 | 1 |
_aMcMahon, Dinny, _eauthor. _95971759 |
|
| 245 | 1 | 0 |
_aChina's great wall of debt _h[sound recording] : _bshadow banks, ghost cities, massive loans, and the end of the Chinese miracle / _cDinny McMahon. |
| 250 | _aUnabridged. | ||
| 264 | 1 |
_aPrince Frederick, Md. : _bRecorded Books, _c[2018] |
|
| 264 | 4 | _c2018 | |
| 300 |
_a7 sound discs (8 hr., 15 min.) : _bdigital ; _c4 3/4 in. |
||
| 336 | _aspoken word | ||
| 337 | _aaudio | ||
| 338 | _aaudio disc | ||
| 344 |
_adigital _boptical _c1.4 m. per second _hDigital recording _2rda |
||
| 347 |
_aaudio file _bCD audio _2rda |
||
| 490 | 1 | _aITK audio | |
| 500 | _aIn container (17 cm.). | ||
| 500 | _aTitle from container. | ||
| 500 | _aCompact disc. | ||
| 511 | 0 | _aNarrated by Jamie Jackson. | |
| 520 | _aA stunning inside look at how and why the foundations upon which China has built the world's second largest economy have started to crumble. Over the course of a decade reporting on the ground in China as a financial journalist, Dinny McMahon gradually concluded that the widely held belief in China's inevitable economic ascent is dangerously wrong. In this unprecedented deep dive, McMahon shows how, lurking behind the illusion of prosperity, China's economic growth has been built on a staggering mountain of debt. While stories of newly built but empty cities, white-elephant state projects, and a byzantine shadow-banking system have become a fixture in the press, McMahon goes beyond the headlines to explain how such waste has been allowed to flourish, and why one of the most powerful governments in the world has been at a loss to stop it. Through the stories of ordinary Chinese citizens, McMahon tries to make sense of the unique--and often bizarre--mechanics of the Chinese economy, including the state's addiction to appropriating land from poor farmers, why a Chinese entrepreneur decided it was cheaper to move his yarn factory to South Carolina, why ambitious Chinese mayors build ghost cities, and how the Chinese bureaucracy stared down Beijing's attempts to break up the state's pointless monopoly on the distribution of table salt. Debt, entrenched vested interests, a frenzy of speculation, and an aging population are all pushing China toward an economic reckoning. [This book] unravels an incredibly complex and opaque economy, one whose fortunes--for better or worse--will shape the globe like never before. | ||
| 650 | 0 |
_aDebts, External _zChina. _95971760 |
|
| 650 | 7 |
_aBUSINESS & ECONOMICS / International / General. _2bisacsh _95971761 |
|
| 650 | 0 |
_aBusiness. _95971762 |
|
| 651 | 0 |
_aChina _xEconomic conditions. _981264 |
|
| 651 | 0 |
_aChina _xEconomic policy. _95971763 |
|
| 655 | 7 |
_aAudiobooks. _2lcgft _95971764 |
|
| 700 | 1 |
_aJackson, Jamie, _enarrator. _95971765 |
|
| 710 | 2 |
_aRecorded Books, Inc. _960865 |
|
| 830 | 0 |
_aITK audio. _95949513 |
|
| 942 |
_cCD _03 |
||
| 945 | _c(OCoLC)1029458521 | ||
| 948 |
_a05/30/2018 _zSirsi |
||
| 996 |
_a149872 _b34301001552126 _cCD _dCD _ewcl _fi _g3 _h92.75 _i.CIRCNOTE. 7 discs _lrecordedbook _m336.3 McM _p05/30/2018 _q10/28/2019 _r10/05/2019 |
||
| 999 |
_c309783 _d309782 |
||